000 00620nam a2200217Ia 4500
005 20250605095138.0
008 008 250516s9999 xx 000 0 eng d
020 _a9780815365419
040 _beng
_cSDCL
041 _aeng
_2eng
084 _aV:(G:55) R4
100 _aSmith, Keith
_9811806
245 0 _aEnvironmental hazards :
_bAssessing risk and reducing disaster
250 _a7th ed.
260 _aLondon :
_bRoutledge,
_c2024.
300 _axxix, 631p.
650 _aEnvironmental History
_9811807
700 _aFearnley, Carina J.
_9811808
700 _aDixon, Deborah
_9811809
942 _cTEXL
_2CC
999 _c1429755
_d1429755